[Event "Venice Province-ch 70th"]
[Site "Venice Mestre"]
[Date "2010.01.31"]
[Round "5"]
[White "Bordin, Renato"]
[Black "Zamengo, Bruno"]
[Result "0-1"]
[WhiteElo "1566"]
[BlackElo "1850"]
[PlyCount "134"]
[EventDate "2010.01.29"]
[EventType "swiss"]
[EventRounds "5"]
[EventCountry "ITA"]
[SourceTitle "EXT 2022"]
[Source "ChessBase"]
[SourceDate "2021.10.06"]
[SourceVersion "1"]
[SourceVersionDate "2021.10.06"]
[SourceQuality "1"]

1. d4 Nf6 2. c4 c5 3. Nf3 g6 4. Bf4 Bg7 5. e3 b6 6. Be2 0-0 7. 0-0 d6 8. Nc3 Nbd7 9. dxc5 bxc5 10. Qc2 Bb7 11. h3 Bc6 12. Rad1 Qb6 13. b3 a5 14. Rb1 Rfb8 15. Ng5 Qa6 16. Bf3 Bxf3 17. Nxf3 Nb6 18. a4 Rb7 19. Rfd1 Rab8 20. Nb5 Na8 21. Bxd6 exd6 22. Rxd6 Rb6 23. Qd3 Rxd6 24. Qxd6 Qxd6 25. Nxd6 Rb4 26. Ne1 Rb6 27. Nb5 Kf8 28. Rd1 Ke7 29. g4 h6 30. Nd3 Nd7 31. Nf4 Kd8 32. Nd5 Re6 33. Rd3 Be5 34. Ndc3 Bxc3 35. Nxc3 Nc7 36. f3 Rb6 37. Ne4 Ke7 38. h4 Ne5 39. Rd1 Ne6 40. Nd2 Rd6 41. Kf2 Nd8 42. Ke2 Ndc6 43. g5 h5 44. f4 Ng4 45. Re1 Nb4 46. Ne4 Rd3 47. Kf3 Rxb3 48. Nxc5 Ra3 49. Ke4 Nc2 50. Rb1 Rxe3+ 51. Kd5 Nb4+ 52. Kd4 Rf3 53. Ke4 Rh3 54. Nb7 Ra3 55. Nxa5 Rxa4 56. f5 Rxa5 57. Rxb4 Rxf5 58. Kd4 Kd6 59. Rb6+ Kc7 60. c5 Ne5 61. Ra6 Nd7 62. Ra7+ Kc8 63. Ra8+ Kb7 64. Ra5 Kc6 65. Ra6+ Kb5 66. c6 Nb6 67. c7 Kxa6 0-1

[Event "Venice Province-ch 69th"]
[Site "Venice Mestre"]
[Date "2009.02.01"]
[Round "5"]
[White "Velluti, Alberto"]
[Black "Bordin, Renato"]
[Result "1-0"]
[WhiteElo "1929"]
[BlackElo "1530"]
[PlyCount "59"]
[EventDate "2009.01.30"]
[EventType "swiss"]
[EventRounds "5"]
[EventCountry "ITA"]
[SourceTitle "EXT 2022"]
[Source "ChessBase"]
[SourceDate "2021.10.06"]
[SourceVersion "1"]
[SourceVersionDate "2021.10.06"]
[SourceQuality "1"]

1. e4 e6 2. d4 d5 3. exd5 exd5 4. Bd3 Nf6 5. Nf3 Be7 6. c4 0-0 7. 0-0 Bg4 8. Be3 Nc6 9. Nbd2 Bb4 10. Nb3 Qd7 11. c5 Ba5 12. Bb5 b6 13. Nxa5 bxa5 14. Qa4 Bxf3 15. gxf3 Qh3 16. Bxc6 Rab8 17. Qa3 Ng4 18. Bf4 Nxh2 19. Bxh2 f5 20. Bxd5+ Kh8 21. Rfe1 Rf6 22. Re6 Rd8 23. Qe3 Qh5 24. Re1 Qg5+ 25. Kf1 Qh5 26. Re8+ Rf8 27. Rxf8+ Rxf8 28. Qe7 Qh3+ 29. Kg1 Rb8 30. Qe8+ 1-0

[Event "Venice Province-ch 69th"]
[Site "Venice Mestre"]
[Date "2009.01.31"]
[Round "3"]
[White "Belloni, Umberto"]
[Black "Bordin, Renato"]
[Result "0-1"]
[WhiteElo "1879"]
[BlackElo "1530"]
[PlyCount "84"]
[EventDate "2009.01.30"]
[EventType "swiss"]
[EventRounds "5"]
[EventCountry "ITA"]
[SourceTitle "EXT 2022"]
[Source "ChessBase"]
[SourceDate "2021.10.06"]
[SourceVersion "1"]
[SourceVersionDate "2021.10.06"]
[SourceQuality "1"]

1. e4 e6 2. d4 d5 3. exd5 exd5 4. Bd3 Nf6 5. Bg5 Be7 6. c3 0-0 7. Qc2 Re8 8. Ne2 Ne4 9. Bxe4 dxe4 10. Be3 Bg5 11. Nf4 Qd6 12. g3 Bg4 13. Nd2 Qc6 14. h3 Bxf4 15. gxf4 Bh5 16. Rg1 Qe6 17. Rg3 Nc6 18. Qb3 Qc8 19. Qb5 Bg6 20. h4 a6 21. Qe2 h6 22. 0-0-0 Qf5 23. Rdg1 Ne7 24. c4 Kh8 25. Nb3 Rg8 26. d5 Bh5 27. Qd2 Rad8 28. Bd4 Ng6 29. Qc3 f6 30. Rxg6 Bxg6 31. Qg3 Bh7 32. Be3 Qd7 33. Nd4 Qa4 34. Ne2 Qxc4+ 35. Nc3 Rxd5 36. Kb1 Rdd8 37. Qg4 b5 38. Rc1 b4 39. Nd1 Qd3+ 40. Ka1 Qf1 41. b3 f5 42. Qh5 Bg6 0-1